Las iniciales de la tierra / (Record no. 18414)
[ view plain ]
| 000 -CABECERA | |
|---|---|
| campo de control de longitud fija | 00750cam a2200253 a 4500 |
| 001 - NÚMERO DE CONTROL | |
| campo de control | 000018896 |
| 005 - FECHA Y HORA DE LA ÚLTIMA TRANSACCIÓN | |
| campo de control | 20200929165858.0 |
| 008 - DATOS DE LONGITUD FIJA--INFORMACIÓN GENERAL | |
| campo de control de longitud fija | 880919s1988 cu 000 f spa d |
| 020 ## - NÚMERO INTERNACIONAL ESTÁNDAR DEL LIBRO | |
| Número Internacional Estándar del Libro | 8420424366 |
| 040 ## - FUENTE DE LA CATALOGACIÓN | |
| Centro catalogador/agencia de origen | DO-SdBNP |
| Centro/agencia transcriptor | DLC |
| Centro/agencia modificador | DLC |
| -- | BNPHU |
| 050 00 - SIGNATURA TOPOGRÁFICA DE LA BIBLIOTECA DEL CONGRESO | |
| Número de clasificación | PQ7390.D57 |
| Número de documento/Ítem | I55 1987 |
| 051 ## - MENCIÓN DE LA BIBLIOTECA DEL CONGRESO SOBRE EJEMPLARES, EDICIÓN O SEPARATA | |
| Número de clasificación | MLCS 88/09453 |
| 082 ## - NÚMERO DE LA CLASIFICACIÓN DECIMAL DEWEY | |
| Número de clasificación | nnn |
| Número de documento/Ítem | D542i, 1988 |
| 049 ## - FONDOS LOCALES (OCLC) | |
| Fondos de biblioteca | BNGR |
| 100 1# - ENTRADA PRINCIPAL--NOMBRE DE PERSONA | |
| Nombre de persona | Díaz, Jesús, |
| Fechas asociadas al nombre | 1941-2002 |
| 9 (RLIN) | 40680 |
| 245 14 - MENCIÓN DE TÍTULO | |
| Título | Las iniciales de la tierra / |
| Mención de responsabilidad, etc. | Jesús Díaz ; edición Madeline Cámara. |
| 250 ## - MENCIÓN DE EDICIÓN | |
| Mención de edición | 2a ed. |
| 260 ## - PUBLICACIÓN, DISTRIBUCIÓN, ETC. | |
| Lugar de publicación, distribución, etc. | La Habana, Cuba : |
| Nombre del editor, distribuidor, etc. | Letras Cubanas, |
| Fecha de publicación, distribución, etc. | 1988. |
| 300 ## - DESCRIPCIÓN FÍSICA | |
| Extensión | 385 p. ; |
| Dimensiones | 19 cm. |
| 490 1# - MENCIÓN DE SERIE | |
| Mención de serie | Giraldilla |
| 700 1# - PUNTO DE ACCESO ADICIONAL--NOMBRE DE PERSONA | |
| Nombre de persona | Cámara, Madeline |
| Término indicativo de función/relación | ed. |
| 9 (RLIN) | 40681 |
| 830 #0 - PUNTO DE ACCESO ADICIONAL DE SERIE-TÍTULO UNIFORME | |
| Título uniforme | Giraldilla |
| 9 (RLIN) | 8904 |
| 910 ## - DATOS DE OPCIÓN DEL USUARIO (OCLC) | |
| Datos de opción del usuario | Catalogación derivada / LC |
| Estado de retiro | Estado de pérdida | Restricciones de uso | No para préstamo | Código de colección | Localización permanente | Ubicación/localización actual | Ubicación en estantería | Fecha de adquisición | Número de inventario | Total de préstamos | Signatura topográfica completa | Código de barras | Fecha visto por última vez | Precio válido a partir de | Tipo de ítem Koha |
|---|---|---|---|---|---|---|---|---|---|---|---|---|---|---|---|
| Monografías: Libros y Folletos | General | General | En catalogación | 20.05.2010 | LF1 | nnn D542i, 1988 | 18896-10 | 25.06.2020 | 25.06.2020 | Préstamo en sala |
